000 00503nam a2200133 a 4500
008 120416s9999 ||||||||||||||||| || u
050 _aTHESIS
100 _aKaluba, Chresta Chitoba
245 1 0 _aStrategic planning for a non-profit entrepreneurial organisation
246 _athe Small and Medium Entrepreneurs Association of Kitwe
260 _a2001
350 _a0.00
995 _D0.00
_FCBU-MAIN LIBRARY (Kitwe)
_H1
_I0.00
_UAVAILABLE
_ZUniversity Collection
999 _c58548
_d58548